| 000 | 00393nam a2200169Ia 4500 | ||
|---|---|---|---|
| 008 | 230711s9999||||xx |||||||||||||| ||und|| | ||
| 041 | _aENG | ||
| 082 | _bRA-C | ||
| 100 | _aRajneesh,Kr | ||
| 245 | 0 | _aCommunications say and skill | |
| 250 | _a1st Ed. | ||
| 260 |
_c2001 _aJalandhar _bFalcon Books |
||
| 300 | _a185 | ||
| 650 | _aCOMMUNICATION SKILL | ||
| 700 | _aNariander K | ||
| 942 | _cBK | ||
| 999 |
_c4397 _d4397 |
||